[Event "XI Festival A"]
[Site "Campobasso ITA"]
[Date "2004.07.11"]
[Round "6"]
[White "Massetti, Gianfranco"]
[Black "Damia, Angelo"]
[Result "1/2-1/2"]
[WhiteElo "2017"]
[BlackElo "2129"]
[PlyCount "67"]
[EventDate "2004.07.09"]

1. e4 c5 2. Nf3 d6 3. Bb5+ Bd7 4. Bxd7+ Qxd7 5. c4 Nc6 6. d4 cxd4 7. Nxd4 g6 8.
Nc3 Bg7 9. Be3 Nf6 10. f3 Rc8 11. b3 h5 12. h4 Ne5 13. Rc1 O-O 14. Qd2 Kh7 15.
O-O Ng8 16. Nde2 Bh6 17. Rfd1 f5 18. Bxh6 Nxh6 19. Qd4 Nc6 20. Qe3 fxe4 21.
Nxe4 Nf5 22. Ng5+ Kg8 23. Qe4 Rf6 24. c5 Nd8 25. Nf4 Ng3 26. Qc4+ Kg7 27. Kh2
Rxf4 28. Qxf4 Ne2 29. Qd2 Nxc1 30. Rxc1 Ne6 31. Qd5 Nxg5 32. hxg5 Qc7 33. cxd6
Qxc1 34. Qe5+ 1/2-1/2

[Event "XI Festival A"]
[Site "Campobasso ITA"]
[Date "2004.07.11"]
[Round "6"]
[White "Mazzilli, Piero"]
[Black "Zimina, Olga"]
[Result "0-1"]
[WhiteElo "2302"]
[BlackElo "2430"]
[PlyCount "76"]
[EventDate "2004.07.09"]

1. e4 c6 2. c4 d5 3. cxd5 cxd5 4. exd5 Nf6 5. Qa4+ Nbd7 6. Nc3 g6 7. g4 h6 8.
Bg2 Bg7 9. Nge2 O-O 10. h3 Nb6 11. Qb3 e6 12. dxe6 Bxe6 13. Qd1 Qd7 14. O-O h5
15. g5 Nfd5 16. Kh2 f6 17. d4 fxg5 18. Bxg5 Rf7 19. Bh4 Nf4 20. Nxf4 Rxf4 21.
Bg3 Rxd4 22. Qf3 h4 23. Bf4 Rf8 24. Ne2 Rdxf4 25. Nxf4 Be5 26. Qe4 Qg7 27. Rae1
Bxf4+ 28. Kh1 Bxa2 29. Qxb7 Bc7 30. Rc1 Rf7 31. Qxa7 Bc4 32. Rfe1 Qd4 33. Re8+
Kh7 34. Re4 Qd6 35. Rxh4+ Kg7 36. f4 Rxf4 37. Rxf4 Qxf4 38. Kg1 Qe3+ 0-1

[Event "XI Festival A"]
[Site "Campobasso ITA"]
[Date "2004.07.11"]
[Round "6"]
[White "Pazderski, Bartlomiej"]
[Black "Di Lascio, Savino"]
[Result "1-0"]
[WhiteElo "1835"]
[BlackElo "2024"]
[PlyCount "49"]
[EventDate "2004.07.09"]

1. e4 c6 2. d4 d5 3. exd5 cxd5 4. c4 Nf6 5. Nc3 Nc6 6. Nf3 g6 7. cxd5 Nxd5 8.
Bc4 Be6 9. Qb3 Nxc3 10. Bxe6 Nxd4 11. Bxf7+ Kd7 12. Nxd4 Qc7 13. Qxc3 Qe5+ 14.
Ne2 Qxc3+ 15. Nxc3 e6 16. Bg5 Be7 17. Rd1+ Bd6 18. Ne4 Rhf8 19. Rxd6+ Kc7 20.
Bxe6 Rae8 21. O-O Kb8 22. Rfd1 a5 23. Rd8+ Ka7 24. Be3+ Ka6 25. Bc4+ 1-0

[Event "XI Festival A"]
[Site "Campobasso ITA"]
[Date "2004.07.11"]
[Round "6"]
[White "Ragnoni, Alessandro"]
[Black "Scagliarini, Bruno"]
[Result "1-0"]
[WhiteElo "2075"]
[BlackElo "2019"]
[PlyCount "69"]
[EventDate "2004.07.09"]

1. e4 e6 2. Nf3 d5 3. Nc3 d4 4. Ne2 c5 5. b4 b6 6. bxc5 bxc5 7. c3 Nc6 8. cxd4
cxd4 9. Nexd4 Nxd4 10. Qa4+ Bd7 11. Qxd4 Qa5 12. Bb2 Rd8 13. Bc3 Qa3 14. Qe5 f6
15. Qh5+ g6 16. Qa5 Qd6 17. e5 Qc6 18. exf6 Nh6 19. Be2 Bd6 20. f7+ Nxf7 21.
Bxh8 Nxh8 22. Qc3 Qxc3 23. dxc3 Nf7 24. O-O Rc8 25. c4 Bc5 26. Nd2 Ne5 27. Ne4
Be7 28. Rac1 Bc6 29. f3 Rb8 30. Rb1 Rc8 31. Rfc1 Nd7 32. Rd1 Ba4 33. Nd6+ Bxd6
34. Rxd6 Ke7 35. Ra6 1-0

[Event "XI Festival A"]
[Site "Campobasso ITA"]
[Date "2004.07.11"]
[Round "6"]
[White "Shytaj, Luca"]
[Black "Napoli, Nicolo'"]
[Result "1-0"]
[WhiteElo "2344"]
[BlackElo "2172"]
[PlyCount "37"]
[EventDate "2004.07.09"]

1. e4 g6 2. d4 Bg7 3. Nc3 c5 4. Nge2 d5 5. e5 f6 6. f4 Qb6 7. Na4 Qa5+ 8. c3
Nh6 9. Ng3 Nf5 10. Bd3 Nxg3 11. hxg3 f5 12. g4 fxg4 13. Rxh7 Bf5 14. Rxh8+ Bxh8
15. Bxf5 gxf5 16. Bd2 Qc7 17. Nxc5 Nc6 18. Ne6 Qb6 19. Qc2 1-0

[Event "XI Festival A"]
[Site "Campobasso ITA"]
[Date "2004.07.11"]
[Round "6"]
[White "Stromboli, Carlo"]
[Black "Cappai, Davide"]
[Result "1/2-1/2"]
[WhiteElo "2020"]
[BlackElo "2132"]
[PlyCount "61"]
[EventDate "2004.07.09"]

1. e4 c5 2. Nf3 Nc6 3. d4 cxd4 4. Nxd4 g6 5. Nc3 Bg7 6. Be3 Nf6 7. Be2 O-O 8.
O-O d5 9. exd5 Nxd5 10. Nxd5 Qxd5 11. Bf3 Qc4 12. Nxc6 bxc6 13. c3 Bf5 14. Qb3
Qa6 15. a4 e5 16. Rfe1 Bd3 17. Bc5 Rfd8 18. Rad1 Bc4 19. Qc2 Bd3 20. Rxd3 Qxd3
21. Qxd3 Rxd3 22. Bxc6 Rc8 23. Bb5 Rd2 24. Bxa7 Rxb2 25. c4 Rc2 26. a5 Bf8 27.
Bb6 Bb4 28. Rb1 Ra2 29. a6 Bc5 30. Bxc5 Rxc5 31. Rd1 1/2-1/2

[Event "XI Festival A"]
[Site "Campobasso ITA"]
[Date "2004.07.11"]
[Round "6"]
[White "Stromboli, Ettore"]
[Black "Cordi', Domenico"]
[Result "1-0"]
[WhiteElo "2116"]
[BlackElo "2110"]
[PlyCount "95"]
[EventDate "2004.07.09"]

1. e4 Nf6 2. e5 Nd5 3. d4 d6 4. c4 Nb6 5. f4 dxe5 6. fxe5 Nc6 7. Be3 Bf5 8. Nc3
e6 9. Nf3 Bb4 10. Be2 O-O 11. Qb3 a5 12. a3 a4 13. Qa2 Be7 14. O-O Na5 15. c5
Nd5 16. Nxd5 exd5 17. Nd2 Bg5 18. Bf4 Nc6 19. Bxg5 Qxg5 20. Nf3 Qe3+ 21. Rf2
Be4 22. Rd1 f6 23. Nd2 Nxd4 24. Nxe4 Nxe2+ 25. Kf1 Qxe4 26. Rxe2 fxe5+ 27. Ke1
Qh4+ 28. g3 Qf6 29. Qxd5+ Kh8 30. Rd3 Rae8 31. Qe4 c6 32. Rd6 Qf1+ 33. Kd2 h6
34. Qe3 Qb1 35. Kc3 e4 36. Qd4 Qc1+ 37. Kb4 Qg5 38. Rxe4 Rxe4 39. Qxe4 b6 40.
Qxc6 bxc5+ 41. Kxa4 Qc1 42. b4 c4 43. Qc5 Re8 44. Kb5 c3 45. Rc6 Qxa3 46. Qxc3
Rb8+ 47. Kc4 Rxb4+ 48. Qxb4 1-0

[Event "II Festival A"]
[Site "Cortina d'Ampezzo ITA"]
[Date "2004.07.11"]
[Round "1"]
[White "Ambrosi, Eleonora"]
[Black "D'Apa, Matteo"]
[Result "0-1"]
[WhiteElo "2118"]
[BlackElo "1939"]
[PlyCount "78"]
[EventDate "2004.07.11"]

1. d4 d5 2. Nc3 Nf6 3. Bg5 e6 4. Nf3 Be7 5. e3 Nbd7 6. Bd3 b6 7. O-O O-O 8. Bf4
Bb7 9. Nb5 Ne8 10. c4 c6 11. Nc3 Nd6 12. Qc2 h6 13. cxd5 cxd5 14. Qe2 a6 15.
Ne5 b5 16. Qh5 Nf6 17. Qh3 Nh7 18. g4 Ne4 19. f3 Nef6 20. Bxh6 gxh6 21. Qxh6
Re8 22. g5 Bf8 23. Qh4 Nxg5 24. Qxg5+ Bg7 25. Kh1 Nd7 26. Qxd8 Raxd8 27. f4
Nxe5 28. fxe5 Bxe5 29. dxe5 d4+ 30. Be4 dxc3 31. Bxb7 cxb2 32. Rad1 a5 33. Be4
a4 34. h4 Rxd1 35. Rxd1 Rc8 36. Rb1 Rc1+ 37. Kg2 a3 38. Bf3 b4 39. Be4 b3 0-1

[Event "II Festival A"]
[Site "Cortina d'Ampezzo ITA"]
[Date "2004.07.11"]
[Round "1"]
[White "Belloni, Umberto"]
[Black "Xia, Jie"]
[Result "0-1"]
[WhiteElo "1955"]
[BlackElo "2126"]
[PlyCount "72"]
[EventDate "2004.07.11"]

1. e4 c5 2. Nf3 d6 3. c4 Nf6 4. Nc3 Nc6 5. d3 e6 6. Be2 Be7 7. O-O O-O 8. Rb1
a6 9. b3 Nd4 10. Be3 Nxe2+ 11. Qxe2 Ng4 12. h3 Nxe3 13. fxe3 Bf6 14. Nd1 b5 15.
Nf2 g6 16. Nh2 Bg7 17. Nh1 f5 18. Ng3 Bb7 19. Nf3 Bc6 20. Kh1 Bf6 21. Kg1 Ra7
22. Nd2 Be5 23. Nh1 Raf7 24. Nf2 d5 25. exf5 gxf5 26. Nf3 Bb8 27. e4 fxe4 28.
dxe4 dxe4 29. Nxe4 Qc7 30. Neg5 Bxf3 31. Nxf3 Kh8 32. Rbe1 Qg3 33. Qf2 Rxf3 34.
Qxg3 Rxf1+ 35. Rxf1 Rxf1+ 36. Kxf1 Bxg3 0-1

[Event "II Festival A"]
[Site "Cortina d'Ampezzo ITA"]
[Date "2004.07.11"]
[Round "1"]
[White "Bisignano, Giuseppe"]
[Black "Rago, Riccardo"]
[Result "1/2-1/2"]
[WhiteElo "1958"]
[BlackElo "2128"]
[PlyCount "119"]
[EventDate "2004.07.11"]

1. e4 c5 2. Nf3 Nc6 3. d4 cxd4 4. Nxd4 Nf6 5. Nc3 e5 6. Nxc6 bxc6 7. Bc4 Bb4 8.
O-O O-O 9. Bg5 h6 10. Bh4 Be7 11. Bg3 d6 12. b4 Be6 13. Bxe6 fxe6 14. Qe2 Qc7
15. Na4 a5 16. a3 axb4 17. axb4 Rfb8 18. Rfb1 Rb7 19. c4 Rba7 20. Qc2 Nxe4 21.
Qxe4 Rxa4 22. Rxa4 Rxa4 23. Qc2 Ra8 24. Qg6 Bf6 25. f4 Qa7+ 26. c5 exf4 27.
Bxf4 dxc5 28. Be3 Qa2 29. bxc5 Qxb1+ 30. Qxb1 Ra1 31. Qxa1 Bxa1 32. Kf2 Kf7 33.
Kf3 e5 34. Ke4 Ke6 35. g4 Bb2 36. h3 Ba3 37. Bf2 Bb4 38. Be3 Be1 39. Bg1 g6 40.
Be3 h5 41. gxh5 gxh5 42. Bg1 Bg3 43. Be3 Kf6 44. Kf3 Be1 45. Ke4 Bc3 46. Bh6
Ba5 47. Be3 Bb4 48. Bf2 Bc3 49. Bh4+ Ke6 50. Bd8 Be1 51. Bc7 Bf2 52. Bd6 Bd4
53. Bf8 Bf2 54. Bd6 Bg3 55. Bc7 Bh2 56. Bd6 Kf6 57. Bc7 Ke6 58. Bd6 Bg1 59. Bf8
Kf6 60. Bd6 1/2-1/2

[Event "II Festival A"]
[Site "Cortina d'Ampezzo ITA"]
[Date "2004.07.11"]
[Round "1"]
[White "Cacco, Christian"]
[Black "Forno, Roberto"]
[Result "1-0"]
[WhiteElo "2282"]
[BlackElo "2015"]
[PlyCount "75"]
[EventDate "2004.07.11"]

1. d4 d5 2. Nf3 Nf6 3. c4 e6 4. Bg5 c6 5. e3 Nbd7 6. Nbd2 a6 7. Bd3 b5 8. b3
Bb4 9. O-O O-O 10. a3 Ba5 11. cxd5 cxd5 12. b4 Bc7 13. a4 bxa4 14. Qxa4 Bb7 15.
Rfc1 Qb8 16. Nb3 Nb6 17. Qa2 Ne4 18. Be7 Re8 19. Bc5 Nc4 20. h3 a5 21. b5 a4
22. Nbd2 Ncxd2 23. Nxd2 Bh2+ 24. Kf1 Nxf2 25. Kxf2 Qg3+ 26. Ke2 Qxg2+ 27. Kd1
Qxh3 28. Kc2 e5 29. Rh1 exd4 30. exd4 Re3 31. Qa3 Rae8 32. Rag1 Bc8 33. Rg5 h6
34. Nf1 hxg5 35. Rxh2 Rxd3 36. Qxd3 Re2+ 37. Qxe2 Bf5+ 38. Kd2 1-0

[Event "II Festival A"]
[Site "Cortina d'Ampezzo ITA"]
[Date "2004.07.11"]
[Round "1"]
[White "Castaldo, Folco"]
[Black "Cetro, Carlo"]
[Result "1-0"]
[WhiteElo "2318"]
[BlackElo "2042"]
[PlyCount "81"]
[EventDate "2004.07.11"]

1. Nf3 f5 2. d3 Nf6 3. e4 d6 4. e5 dxe5 5. Nxe5 Nc6 6. Nxc6 bxc6 7. Nc3 e5 8.
Be2 Bd6 9. Bh5+ Nxh5 10. Qxh5+ g6 11. Qf3 Bb7 12. h4 h5 13. Qg3 Kf7 14. Bg5 Qd7
15. O-O-O c5 16. f4 Rae8 17. Rhe1 e4 18. dxe4 fxe4 19. Qe3 Qf5 20. Nb5 Qe6 21.
Qd2 Be7 22. Kb1 Bxg5 23. Nxc7 e3 24. Qa5 e2 25. Nxe6 exd1=Q+ 26. Rxd1 Rxe6 27.
fxg5 Rhe8 28. Qxc5 R8e7 29. b3 Re2 30. Qc4+ Kf8 31. Rd8+ Re8 32. Qc5+ Kf7 33.
Rxe8 Rxe8 34. Qxa7 Re7 35. Qf2+ Ke8 36. g3 Be4 37. Kb2 Rc7 38. Qe2 Re7 39. a4
Kf8 40. Qf2+ Bf5 41. Qc5 1-0

[Event "II Festival A"]
[Site "Cortina d'Ampezzo ITA"]
[Date "2004.07.11"]
[Round "1"]
[White "Drazic, Sinisa"]
[Black "Beccaris, Gabriele"]
[Result "1-0"]
[WhiteElo "2461"]
[BlackElo "2081"]
[PlyCount "83"]
[EventDate "2004.07.11"]

1. c4 Nf6 2. Nc3 d5 3. cxd5 Nxd5 4. g3 b6 5. Bg2 Bb7 6. Qa4+ Bc6 7. Qb3 Nxc3 8.
Bxc6+ Nxc6 9. dxc3 e6 10. Nf3 Qd5 11. Bf4 Qxb3 12. axb3 O-O-O 13. b4 Rd5 14. e4
Rb5 15. Bd2 a5 16. Ke2 axb4 17. Ra8+ Kb7 18. Re8 g6 19. cxb4 Bg7 20. Rxh8 Bxh8
21. Bc3 Bxc3 22. bxc3 Ne7 23. Rd1 Kc8 24. Kd3 Rh5 25. h4 f5 26. e5 h6 27. Nd4
Kd7 28. b5 g5 29. hxg5 hxg5 30. Kc4 Nd5 31. Nxf5 exf5 32. Kxd5 Rh6 33. c4 c6+
34. bxc6+ Rxc6 35. Rh1 Rc5+ 36. Kd4 Ra5 37. Rh7+ Ke8 38. e6 f4 39. gxf4 gxf4
40. f3 b5 41. Ke5 bxc4+ 42. Kf6 1-0

[Event "II Festival A"]
[Site "Cortina d'Ampezzo ITA"]
[Date "2004.07.11"]
[Round "1"]
[White "Efimov, Igor"]
[Black "Farina, Saverio"]
[Result "1-0"]
[WhiteElo "2491"]
[BlackElo "2107"]
[PlyCount "75"]
[EventDate "2004.07.11"]

1. d4 d5 2. Nf3 c5 3. c4 e6 4. cxd5 exd5 5. g3 Nc6 6. Bg2 Nf6 7. O-O Be7 8.
dxc5 Bxc5 9. b3 O-O 10. Bb2 Ne4 11. Nc3 Nxc3 12. Bxc3 d4 13. Bb2 Re8 14. Rc1
Bb6 15. Ba3 Qd5 16. Nd2 Qb5 17. Re1 Bg4 18. Nc4 Qh5 19. f3 Bh3 20. Bd6 Bxg2 21.
Kxg2 Re6 22. Bf4 Rd8 23. Qd2 Bc5 24. a3 d3 25. exd3 Nd4 26. Ne5 Rxe5 27. Rxe5
Qxf3+ 28. Kh3 Nxb3 29. Qd1 Qxd1 30. Rxd1 Bxa3 31. d4 f6 32. Re3 b5 33. Rxb3 b4
34. Bc1 Bxc1 35. Rxc1 a5 36. Rc5 Ra8 37. Rb5 Kf7 38. Rb1 1-0

[Event "II Festival A"]
[Site "Cortina d'Ampezzo ITA"]
[Date "2004.07.11"]
[Round "1"]
[White "Gardi, Giuseppe"]
[Black "Vezzosi, Paolo"]
[Result "0-1"]
[WhiteElo "2061"]
[BlackElo "2350"]
[PlyCount "70"]
[EventDate "2004.07.11"]

1. d4 d5 2. Nf3 Nf6 3. Bf4 e6 4. e3 c5 5. c3 Nc6 6. Bd3 Qb6 7. Qb3 c4 8. Qxb6
axb6 9. Bc2 b5 10. h3 b4 11. Nbd2 b3 12. Bb1 Be7 13. O-O O-O 14. Ne5 Nd7 15.
Nxd7 Bxd7 16. a3 Rfc8 17. e4 b5 18. exd5 exd5 19. Nf3 f6 20. Re1 g6 21. g4 b4
22. cxb4 Bxb4 23. Bf5 gxf5 24. axb4 Rxa1 25. Rxa1 Nxb4 26. Bd2 Na2 27. Re1 fxg4
28. hxg4 Bxg4 29. Nh4 Kf7 30. f3 Bd7 31. Kf2 c3 32. bxc3 Nxc3 33. Kg3 b2 34.
Bxc3 Rxc3 35. Rb1 Rb3 0-1

[Event "II Festival A"]
[Site "Cortina d'Ampezzo ITA"]
[Date "2004.07.11"]
[Round "1"]
[White "Genocchio, Daniele"]
[Black "Bellincampi, Stefano"]
[Result "1/2-1/2"]
[WhiteElo "2353"]
[BlackElo "2064"]
[PlyCount "49"]
[EventDate "2004.07.11"]

1. f4 c5 2. Nf3 Nc6 3. e4 e6 4. Bb5 Nge7 5. O-O a6 6. Bxc6 Nxc6 7. d3 Be7 8.
Qe1 O-O 9. a4 b6 10. Qg3 Qc7 11. Be3 Bb7 12. c3 f5 13. Nbd2 d6 14. Rae1 Rae8
15. d4 Nd8 16. exf5 exf5 17. a5 b5 18. dxc5 dxc5 19. Ne5 Bd6 20. Qf2 Ne6 21.
Ndf3 Re7 22. Nd3 Rfe8 23. Nfe5 c4 24. Bb6 Qb8 25. Nc5 1/2-1/2

[Event "II Festival A"]
[Site "Cortina d'Ampezzo ITA"]
[Date "2004.07.11"]
[Round "1"]
[White "Lain, Luigi"]
[Black "Cardili, Mariano"]
[Result "1-0"]
[WhiteElo "2243"]
[BlackElo "1997"]
[PlyCount "97"]
[EventDate "2004.07.11"]

1. d4 d5 2. c4 c6 3. Nc3 Nf6 4. Nf3 dxc4 5. a4 Bf5 6. e3 e6 7. Bxc4 Bb4 8. O-O
Nbd7 9. Qb3 Qb6 10. e4 Bg4 11. Re1 Bxf3 12. gxf3 O-O 13. Kh1 e5 14. Rg1 Kh8 15.
dxe5 Nxe5 16. Be3 Bc5 17. Qxb6 axb6 18. Be2 Bxe3 19. fxe3 Rfd8 20. Rgd1 Kg8 21.
Kg2 Kf8 22. f4 Ng6 23. e5 Ne8 24. Kf2 Ke7 25. Bf3 f6 26. exf6+ Nxf6 27. Ke2 Nh4
28. Bh1 Ra5 29. b4 Rh5 30. b5 Nf5 31. Rxd8 Kxd8 32. bxc6 Rxh2+ 33. Kd3 bxc6 34.
Bxc6 Rh3 35. Re1 h5 36. Be4 Nxe4 37. Kxe4 Nd6+ 38. Ke5 Nc4+ 39. Kd4 Nd6 40. Nd5
b5 41. a5 Rh2 42. Kc5 Nc8 43. Rg1 h4 44. Rxg7 h3 45. Rh7 Rc2+ 46. Kxb5 h2 47.
Rh8+ Kd7 48. Nb6+ Nxb6 49. axb6 1-0

[Event "II Festival A"]
[Site "Cortina d'Ampezzo ITA"]
[Date "2004.07.11"]
[Round "1"]
[White "Logallo, Claudio"]
[Black "Tomba, Ivan"]
[Result "1/2-1/2"]
[WhiteElo "2017"]
[BlackElo "2292"]
[PlyCount "100"]
[EventDate "2004.07.11"]

1. e4 c5 2. Nf3 d6 3. d4 cxd4 4. Nxd4 Nf6 5. Nc3 a6 6. Bc4 e6 7. Bb3 Be7 8. g4
h6 9. Qe2 Nc6 10. Be3 Nxd4 11. Bxd4 e5 12. Be3 Nxg4 13. O-O-O Nxe3 14. fxe3 O-O
15. Rhg1 Bg5 16. h4 Bxh4 17. Qh5 Bg5 18. Rg3 Be6 19. Rdg1 g6 20. Rxg5 hxg5 21.
Rxg5 Kg7 22. Bxe6 Rh8 23. Qg4 Rh1+ 24. Kd2 Rh2+ 25. Kc1 Kh6 26. Qg1 fxe6 27.
Rxg6+ Kh7 28. Rg7+ Kh8 29. Rxb7 Rh7 30. Rxh7+ Kxh7 31. Qf1 Kg6 32. Qe2 Qg5 33.
b4 Rb8 34. a3 Rb6 35. Kb2 Kf6 36. Qf1+ Ke7 37. Qd3 Kd7 38. Na4 Rc6 39. Nc5+ Ke7
40. Nxa6 Qg1 41. b5 Rb6 42. Nb4 Qe1 43. Nc6+ Kf6 44. a4 Rxc6 45. bxc6 Qb4+ 46.
Qb3 Qc5 47. Qb5 Qxe3 48. c7 Qd4+ 49. Kb3 Qe3+ 50. Ka2 Qc3 1/2-1/2

[Event "II Festival A"]
[Site "Cortina d'Ampezzo ITA"]
[Date "2004.07.11"]
[Round "1"]
[White "Papa, Angelo"]
[Black "Navarro, Stefano"]
[Result "0-1"]
[WhiteElo "1904"]
[BlackElo "2117"]
[PlyCount "76"]
[EventDate "2004.07.11"]

1. d4 d5 2. Nf3 e6 3. e3 Nf6 4. Bd3 Nbd7 5. O-O Bd6 6. Nbd2 c5 7. b3 e5 8. dxe5
Nxe5 9. Nxe5 Bxe5 10. Rb1 O-O 11. Nf3 Bc7 12. Bb2 Qe7 13. c4 dxc4 14. Bxc4 Bg4
15. h3 Rad8 16. Qe2 Bh5 17. Rbd1 Ne4 18. g4 Bg6 19. Kg2 Nd6 20. Ne5 Nxc4 21.
Nxc4 b5 22. Na3 a6 23. Nb1 Be4+ 24. f3 Bc6 25. e4 Qg5 26. Bc1 Qe5 27. Kh1 h5
28. Bb2 Qe6 29. Qg2 h4 30. Qf2 c4 31. Qxh4 cxb3 32. axb3 Rxd1 33. Rxd1 Qxb3 34.
Rd2 Qxf3+ 35. Kg1 Bb6+ 36. Bd4 Bxd4+ 37. Rxd4 Bxe4 38. Nd2 Qg2# 0-1

[Event "II Festival A"]
[Site "Cortina d'Ampezzo ITA"]
[Date "2004.07.11"]
[Round "1"]
[White "Poropat, Marijan"]
[Black "Sanzani, Pierluigi"]
[Result "1-0"]
[WhiteElo "2126"]
[BlackElo "1955"]
[PlyCount "85"]
[EventDate "2004.07.11"]

1. d4 g6 2. Nf3 Bg7 3. Bg5 c6 4. c3 d5 5. Nbd2 Nd7 6. e3 Ngf6 7. Bd3 O-O 8. O-O
Qc7 9. c4 Re8 10. Qc2 dxc4 11. Nxc4 Nd5 12. a3 f6 13. Bh4 N7b6 14. Bg3 Qd8 15.
e4 Nc7 16. Nxb6 axb6 17. Qb3+ Kh8 18. Qxb6 Ne6 19. Qxd8 Rxd8 20. d5 Nc5 21. Bc2
cxd5 22. Rad1 Be6 23. e5 Bg4 24. Rfe1 Rac8 25. h3 Bxf3 26. gxf3 Nd7 27. Rxd5
Nxe5 28. Rxd8+ Rxd8 29. Be4 Rd7 30. f4 Nc4 31. Rc1 Nd6 32. Bd5 h6 33. Be6 Rd8
34. Rc7 f5 35. b3 Bf6 36. a4 Ra8 37. Bd5 Rb8 38. f3 Kg7 39. Bf2 Kf8 40. Kf1 g5
41. Ba7 Ra8 42. Bc5 Ra5 43. b4 1-0

[Event "II Festival A"]
[Site "Cortina d'Ampezzo ITA"]
[Date "2004.07.11"]
[Round "1"]
[White "Qendro, Llambi"]
[Black "Cavatorta, Fosco"]
[Result "1-0"]
[WhiteElo "2343"]
[BlackElo "2057"]
[PlyCount "59"]
[EventDate "2004.07.11"]

1. d4 d6 2. Nf3 Bg4 3. c4 Nd7 4. g3 e5 5. Bg2 Ngf6 6. Nc3 Be7 7. O-O O-O 8. h3
Bh5 9. Nh4 Qc8 10. Nf5 Bd8 11. dxe5 Nxe5 12. Ne3 Nc6 13. f4 g5 14. fxg5 Nd7 15.
Ned5 Bg6 16. Bf4 Nce5 17. Bxe5 dxe5 18. Qd2 c6 19. Nf6+ Nxf6 20. gxf6 Qe6 21.
Ne4 Kh8 22. Qh6 Rg8 23. b3 Bc7 24. Rad1 Rad8 25. Rxd8 Bxd8 26. Kh2 Qe8 27. Rd1
Bf5 28. Ng5 Bg6 29. Rxd8 Qxd8 30. Qxh7+ 1-0

[Event "II Festival A"]
[Site "Cortina d'Ampezzo ITA"]
[Date "2004.07.11"]
[Round "1"]
[White "Quaranta, Cristiano"]
[Black "Boscolo, Marco"]
[Result "1-0"]
[WhiteElo "2110"]
[BlackElo "1898"]
[PlyCount "77"]
[EventDate "2004.07.11"]

1. d4 e6 2. Nf3 Nf6 3. Nbd2 d5 4. e3 Nbd7 5. Bd3 Bd6 6. O-O O-O 7. e4 dxe4 8.
Nxe4 Nxe4 9. Bxe4 f5 10. Bd3 Nf6 11. Re1 h6 12. c3 c6 13. Ne5 Qc7 14. h3 Re8
15. Qf3 g5 16. Bc4 Qg7 17. Qxf5 Nd5 18. Qg6 Qxg6 19. Nxg6 Kg7 20. Ne5 Re7 21.
h4 gxh4 22. Re4 Bxe5 23. dxe5 Nb6 24. Rg4+ Kh8 25. Bd3 Rd7 26. Bc2 Rg7 27. Rxh4
Bd7 28. Bxh6 Kg8 29. Bxg7 Kxg7 30. a4 a5 31. Rd1 Rh8 32. Rxh8 Kxh8 33. c4 Kg7
34. c5 Nd5 35. Be4 Be8 36. Bxd5 cxd5 37. Rd3 Bxa4 38. Ra3 Bc6 39. Rxa5 1-0

[Event "II Festival A"]
[Site "Cortina d'Ampezzo ITA"]
[Date "2004.07.11"]
[Round "1"]
[White "Ricci, Alfredo"]
[Black "Molina, Fabrizio"]
[Result "0-1"]
[WhiteElo "2002"]
[BlackElo "2246"]
[PlyCount "102"]
[EventDate "2004.07.11"]

1. d4 e6 2. Nf3 d5 3. g3 c5 4. e3 Nc6 5. Bg2 Nf6 6. O-O Be7 7. a3 O-O 8. Nbd2
Qc7 9. b3 b6 10. Bb2 Ba6 11. Re1 Rac8 12. Rc1 Na5 13. dxc5 bxc5 14. Be5 Qb6 15.
c4 Nd7 16. Ba1 Bf6 17. cxd5 exd5 18. Qc2 Rfd8 19. Bxf6 Nxf6 20. Bh3 Rc7 21. Ne5
Bc8 22. Bf1 Nb7 23. Nd3 Bf5 24. Qc3 Re8 25. b4 c4 26. Nf4 Nd6 27. Bg2 Nb5 28.
Qa1 Rd7 29. h3 h6 30. a4 Nc7 31. Qc3 Rde7 32. Ne2 Ne6 33. a5 Qb5 34. Nf3 Ne4
35. Qa3 N4g5 36. Nxg5 hxg5 37. Nd4 Qd7 38. g4 Bg6 39. b5 Qc7 40. Qb2 Rd7 41.
Qb4 Nc5 42. Bf1 Bd3 43. Red1 Rxe3 44. b6 axb6 45. axb6 Qd6 46. Bxd3 Rxh3 47.
Nf5 Qh2+ 48. Kf1 Qh1+ 49. Ke2 Qf3+ 50. Ke1 Nxd3+ 51. Rxd3 Rh1+ 0-1

[Event "II Festival A"]
[Site "Cortina d'Ampezzo ITA"]
[Date "2004.07.11"]
[Round "1"]
[White "Rocchetti, Marco"]
[Black "Mariano, Elia"]
[Result "0-1"]
[WhiteElo "1978"]
[BlackElo "2212"]
[PlyCount "90"]
[EventDate "2004.07.11"]

1. d4 d5 2. Nf3 Nf6 3. Bf4 g6 4. e3 Bg7 5. h3 O-O 6. Be2 c5 7. c3 Nc6 8. Nbd2
cxd4 9. exd4 a6 10. O-O b5 11. a3 Na5 12. Re1 Nc4 13. Nxc4 bxc4 14. b4 cxb3 15.
Qxb3 a5 16. a4 Ba6 17. Be5 Bxe2 18. Rxe2 Rc8 19. Nd2 Nh5 20. Bxg7 Nxg7 21. Qa3
e6 22. Rc1 Nf5 23. Nb3 Rc4 24. Nd2 Rc8 25. Nf3 Nd6 26. Nd2 Nc4 27. Nxc4 Rxc4
28. Re3 Qd7 29. Ra1 Rfc8 30. Qb3 Qc7 31. Ra3 Rb8 32. Qa2 Qb7 33. g3 Rc6 34. Re2
Qc7 35. Rb2 Rcb6 36. Rxb6 Rxb6 37. Kg2 Qc4 38. h4 Qd3 39. Qa1 Rb1 40. Qa2 Qe4+
41. f3 Qe1 42. g4 Rd1 43. Kh3 Rd2 44. Qa1 Qf2 45. Qh1 Rd3 0-1

[Event "II Festival A"]
[Site "Cortina d'Ampezzo ITA"]
[Date "2004.07.11"]
[Round "1"]
[White "Tamburini, Lorenzo"]
[Black "Kostic, Vladimir G."]
[Result "0-1"]
[WhiteElo "2078"]
[BlackElo "2390"]
[PlyCount "94"]
[EventDate "2004.07.11"]

1. e4 c5 2. Nf3 Nc6 3. Bb5 g6 4. O-O Bg7 5. Re1 e5 6. Bxc6 dxc6 7. d3 Qe7 8.
Nbd2 Nf6 9. a4 b6 10. Nc4 Nd7 11. Bg5 f6 12. Bd2 Nf8 13. h3 Ne6 14. Qc1 O-O 15.
Bh6 Re8 16. Bxg7 Kxg7 17. Qe3 Nf4 18. Kh2 g5 19. Nfd2 Kh8 20. Qg3 Rg8 21. Ne3
h5 22. Ndc4 Be6 23. Nf5 Qh7 24. Nce3 Rad8 25. b3 Bc8 26. Kh1 Ne6 27. Nc4 h4 28.
Qf3 Rdf8 29. Nce3 Bd7 30. Kh2 Be8 31. Rh1 Bh5 32. Ng4 Qc7 33. Raf1 Nd4 34. Nxd4
exd4+ 35. g3 Rg7 36. Kg2 f5 37. exf5 Rgf7 38. Qe4 Rxf5 39. Rhg1 Qf7 40. f3 Qc7
41. gxh4 gxh4 42. Qe1 Qd8 43. Qe6 Qg5 44. Qd6 Rg8 45. Rf2 Rf6 46. Qc7 Rxf3 47.
Qh2 Rg3+ 0-1

[Event "II Festival A"]
[Site "Cortina d'Ampezzo ITA"]
[Date "2004.07.11"]
[Round "1"]
[White "Ventura, Sergio"]
[Black "Dvirnyy, Danyyil"]
[Result "1-0"]
[WhiteElo "2175"]
[BlackElo "1968"]
[PlyCount "99"]
[EventDate "2004.07.11"]

1. c4 Nf6 2. Nc3 g6 3. g3 Bg7 4. Bg2 O-O 5. d3 c6 6. Nf3 d5 7. cxd5 Nxd5 8. Bd2
Nd7 9. O-O N7f6 10. Qb3 Qb6 11. Qa3 Qc7 12. Rfc1 Be6 13. Rab1 Qd6 14. Qa4 Nb6
15. Qd1 Nbd5 16. Na4 Nd7 17. b4 Bg4 18. Ng5 e5 19. h3 Be6 20. Nc5 Nxc5 21. bxc5
Qe7 22. Nxe6 fxe6 23. Qb3 Rf7 24. Qa4 Qf6 25. Bf3 h6 26. Rb3 Rd7 27. Rcb1 Qf7
28. Qh4 Kh7 29. Qc4 Rf8 30. Qc1 Qf5 31. Kg2 Qf7 32. Ra3 a6 33. Ra4 Rfd8 34. Rh4
h5 35. Bg5 Bf6 36. Be4 Kg8 37. Rb3 Rf8 38. f3 Qh7 39. Bxf6 Nxf6 40. Qg5 Nxe4
41. Rxe4 Rf5 42. Qe3 Qh8 43. Rb6 Qg7 44. g4 Rd5 45. Rb1 Rf7 46. a4 Qf8 47. Rxe5
hxg4 48. hxg4 Rh7 49. Rxe6 Qxc5 50. Re8+ 1-0

[Event "II Festival A"]
[Site "Cortina d'Ampezzo ITA"]
[Date "2004.07.11"]
[Round "1"]
[White "Zoldan, Matteo"]
[Black "Sulava, Nenad"]
[Result "1/2-1/2"]
[WhiteElo "2103"]
[BlackElo "2482"]
[PlyCount "81"]
[EventDate "2004.07.11"]

1. e4 c5 2. Nf3 e6 3. d4 cxd4 4. Nxd4 a6 5. Bd3 Nf6 6. Qe2 d6 7. Nc3 Nbd7 8.
Bd2 g6 9. O-O Bg7 10. Kh1 O-O 11. f4 Qc7 12. Rae1 e5 13. Nf3 b5 14. Qf2 Bb7 15.
Qh4 Rae8 16. a3 Nh5 17. f5 Ndf6 18. g4 Nf4 19. Bxf4 exf4 20. g5 Nh5 21. f6 Bh8
22. Nd5 Qd8 23. Nxf4 Nxf4 24. Qxf4 Re6 25. Kg1 Qb6+ 26. Rf2 Rfe8 27. Kf1 Qc5
28. h4 h6 29. c3 Qc8 30. Kg1 Qc5 31. Kf1 a5 32. Rfe2 b4 33. axb4 axb4 34. c4 b3
35. Qe3 Qc8 36. Qd4 Re5 37. Nxe5 Qh3+ 38. Kg1 Rxe5 39. Qxd6 Qg3+ 40. Kf1 Qh3+
41. Kg1 1/2-1/2

[Event "II Festival A"]
[Site "Cortina d'Ampezzo ITA"]
[Date "2004.07.12"]
[Round "2"]
[White "Beccaris, Gabriele"]
[Black "Ricci, Alfredo"]
[Result "1-0"]
[WhiteElo "2081"]
[BlackElo "2002"]
[PlyCount "41"]
[EventDate "2004.07.11"]

1. e4 c5 2. c3 d5 3. exd5 Qxd5 4. d4 e5 5. Nf3 Nc6 6. dxe5 Qxd1+ 7. Kxd1 Bg4 8.
Be2 O-O-O+ 9. Nbd2 Bxf3 10. Bxf3 Nxe5 11. Kc2 Nf6 12. h3 c4 13. Be2 Nd3 14.
Nxc4 Nxf2 15. Re1 Bc5 16. b4 Bd6 17. Be3 Bg3 18. Bxa7 Rhe8 19. Bf3 N2e4 20.
Red1 Nd5 21. Rxd5 1-0